000 00414nam a2200157Ia 4500
008 210210b1984 xxu||||| |||| 00| 0 eng d
082 _a030.954 ROYD
100 _aROY (Ashim Kumar) and GIDWANI (N N).
245 _aDictionary of Indology.V2. D-K.
260 _aND
_bOxford & IBH Publishing Co.,
_c1984
300 _a349
440 _a2
650 _aDictionary Indology
690 _aIndology
906 _a045957
999 _c95017
_d95017